The way of victory. (Record no. 12688)

000 -LEADER
fixed length control field 00656nam a2200205 a 4500
001 - CONTROL NUMBER
control field :::00010502$&:&@@
003 - CONTROL NUMBER IDENTIFIER
control field OkBaRHE
005 - DATE AND TIME OF LATEST TRANSACTION
control field 20010118141343.0
008 - FIXED-LENGTH DATA ELEMENTS--GENERAL INFORMATION
fixed length control field s1928 j 000 0 eng u
040 ## - CATALOGING SOURCE
Transcribing agency
100 1# - MAIN ENTRY--PERSONAL NAME
Personal name McConkey, James Henry, 1858-1937.
245 14 - TITLE STATEMENT
Title The way of victory.
260 ## - PUBLICATION, DISTRIBUTION, ETC. (IMPRINT)
Place of publication, distribution, etc Chicago, IL.,
Name of publisher, distributor, etc Moody Press
Date of publication, distribution, etc c1928
300 ## - PHYSICAL DESCRIPTION
Extent 124 p. ;
Dimensions 18 cm.
650 ## - SUBJECT ADDED ENTRY--TOPICAL TERM
Topical term or geographic name as entry element Christian Life
650 ## - SUBJECT ADDED ENTRY--TOPICAL TERM
Topical term or geographic name as entry element Sin
942 ## - ADDED ENTRY ELEMENTS (KOHA)
Source of classification or shelving scheme
Koha item type Books
Copies
Barcode Permanent Location Koha item type Date last seen Copy number Withdrawn status Price effective from Full call number Shelving location Damaged status Date acquired Source of classification or shelving scheme Not for loan Lost status
10502RHEMA Bible Training CollegeBooks2010-04-141 2010-04-14BV 4501 .M35General Stacks 2010-04-14   
18950RHEMA Bible Training CollegeBooks2010-04-142 2010-04-14BV 4501 .M35General Stacks 2010-04-14